| 000 | 00472cam a22001217a 4500 | ||
|---|---|---|---|
| 008 | 180718b2001 xxu||||| |||| 00| 0 eng d | ||
| 082 | _aQ39 CRC | ||
| 245 |
_aLessons learned from community based flood mitigation and preparedness project in Cambodia _cby Cambodian Red Cross and International Federation of Red Cross |
||
| 260 |
_aBangkok _bAsian Disaster Preparedness Centre _c2001 |
||
| 300 | _a74p. | ||
| 440 | _aAUDMP Working Paper; no. 3 | ||
| 650 | _aDisaster management | ||
| 999 |
_c492389 _d492389 |
||